000 00395nam a2200169Ia 4500
008 230524s9999 xx 000 0 und d
020 _a97801980700477
082 _bTHA
100 _aReema Tharaja
_942103
245 0 _aProgramming IN C
250 _a1
260 _aNew Delhi
_bOxford
_c2011
300 _a"XIII,547p;"
500 _aQuantity Number: 1
650 _aComp-Sc
942 _cBK
999 _c56508
_d56508